| 000 | 02855cam a22005654i 4500 | ||
|---|---|---|---|
| 003 | PE-LiUPU | ||
| 005 | 20250904150228.0 | ||
| 008 | 150617s1963 ag r 000 0 spa d | ||
| 035 | _a(Sirsi) a11146 | ||
| 040 |
_aPE-LiUPU _bspa _cPE-LiUPU _erda |
||
| 049 | _aPRUA | ||
| 082 | 0 | 4 |
_a242.4 _bA53 _221 |
| 100 | 1 |
_aAmpuero Matta, Victor E., _eautor. |
|
| 245 | 1 | 0 |
_aEsta era Maravillosa y Nuestro Destino / _cVictor E. Ampuero Matta. |
| 264 | 1 |
_aBuenos Aires : _bCasa Editora sudamericana, _c1963. |
|
| 300 |
_a127 páginas ; _c20 cm. |
||
| 336 |
_atext _2rdacontent |
||
| 337 |
_aunmediated _2rdamedia |
||
| 338 |
_avolume _2rdacarrier |
||
| 505 | 0 | _aNuestro siglo de maravillas -- Sombras en el panorama -- Una respuesta digna de confianza -- La intervención decisiva -- Significado de los trubulentos dias que vivimos -- Alteraciones de la naturaleza que merecen explicación -- La grave delincuencia actual y su unica solución un mensaje que debía ser proclamado -- El precio de la esperanza -- Un requisito inprescindible -- Cómo alcanzar la mayor bendición. | |
| 526 | _aSEG42 | ||
| 526 | _aSEG41 | ||
| 526 | _aSEG40 | ||
| 526 | _aSEG39 | ||
| 526 | _aP94 | ||
| 526 | _aP87 | ||
| 526 | _aP86 | ||
| 526 | _aP85 | ||
| 526 | _aP77 | ||
| 526 | _aP76 | ||
| 526 | _aP35 | ||
| 630 | 0 |
_aBiblia. _xProfecías. _93777 |
|
| 910 |
_ajck _bjvq _cjck _d20150616 |
||
| 942 |
_2ddc _cBOOK |
||
| 949 |
_a242.4 A53 _wDEWEY _c1 _i05288 _lCCODEBUL1 _mBUL _p00.00 _r0 _sY _tBOOK _u2015-04-21 _xTEOLOGIA _PP35 _0COMPRA _o.STAFF. Colección General |
||
| 949 |
_a242.4 A53 _wDEWEY _c2 _i13118 _lCCODEBUL1 _mBUL _p00.00 _r0 _sY _tBOOK _u2015-04-21 _xTEOLOGIA _PP35 _0COMPRA _o.STAFF. Colección General |
||
| 949 |
_a242.4 A53 _wDEWEY _c3 _i14662 _lCCODEBUL1 _mBUL _p00.00 _r0 _sY _tBOOK _u2015-04-21 _xTEOLOGIA _PP35 _0COMPRA _o.STAFF. Colección General |
||
| 994 |
_aC0 _bPEPRU |
||
| 596 | _a1 2 | ||
| 999 |
_a242.4 A53 _wDEWEY _c1266 _i05288 _f2019-12-9 _g4 _lDISCARD _mBUL _r1 _sY _tBOOK _u2015-4-21 _xTEOLOGIA _PP35 _0COMPRA _o.STAFF. Colección General _d1266 |
||
| 999 |
_a242.4 A53 _wDEWEY _c2 _i13118 _f2019-12-9 _g4 _lDISCARD _mBUL _r1 _sY _tBOOK _u2015-4-21 _xTEOLOGIA _PP35 _0COMPRA _o.STAFF. Colección General |
||
| 999 |
_a242.4 A53 _wDEWEY _c3 _i14662 _f2021-11-11 _g5 _lCCODEBUL1 _mBUL _r0 _sY _tBOOK _u2015-4-21 _xTEOLOGIA _PP35 _0COMPRA _o.STAFF. Colección General |
||
| 999 |
_a242.4 A53 _wDEWEY _c1 _iFT00015 _f2019-2-20 _g1 _lCCODEBUT1 _mBUT _r0 _sY _tBOOK _u2015-11-10 _xBIBLIOTECA _zUNKNOWN _0DONACION _o.STAFF. Colección General |
||
| 999 |
_a242.4 A53 _wDEWEY _c2 _iFT02161 _f2019-2-20 _g1 _lCCODEBUT1 _mBUT _r0 _sY _tBOOK _u2015-11-10 _xBIBLIOTECA _zUNKNOWN _0DONACION _o.STAFF. Colección General |
||
| 980 |
_818226 _gJaime Vilcazán Jefe de Análisis Documental |
||